00313nam a2200109Ia 4500008004100000041000800041082001600049100001600065245004400081260004400125300003400169240624s9999 xx 000 0 und d aeng a005.758 WIL aWILLIS WILL aMICROSOFT MCSA MCSE SELF PACED TRAINING c2006aNew DelhibPrentice-Hall of India axxxvii, : 804 : p. : cm. ; 24